000 00436nam a2200169 i 4500
001 21159
003 ES-MaACL
005 20230906152430.0
007 t|
008 021121s1970 sp ||||1| cat d
100 1 _aAlba, Víctor.
_919198
245 1 0 _aRetorn a Catalunya /
_cVíctor Alba.
250 _a[1ª ed.].
260 _a[Barcelona :
_bPáortic,
_c1970]
300 _a124 p. ;
_c18 cm.
852 _aES-MaACL
_jC-45428
_bR.76083
999 _c21159
_d21159